000 00634nam a2200157 a 4500
001 000035160
005 20200930074137.0
008 111025s1909 sp 000 0 spa d
040 _aDO-SdBNP
_bspa
_cBNPHU
100 1 _aSelgas Ruiz, José.
_960883
245 1 0 _aPartida disuelta :
_bzarzuela en un acto, dividido en cuatro cuadros /
_coriginal de José Selgas Ruiz ; música del maestro Pedro Muñoz Pedrera.
260 _aMadrid ; :
_bSociedad de Autores Españoles,
_c1909.
300 _a43 p. ;
_c21 cm.
500 _aEstreno: Teatro Romea (Murcia), 22 de diciembre de 1908
700 1 _aMuñoz Pedrera, Pedro,
_d1865-1925
_cmus.
_960884
999 _c34651
_d34651